000
00306nam a22001217a 4500
008
180519b xxu||||| |||| 00| 0 eng d
041
_a
eng
080
_a
043.3
100
_a
0
101
_a
MBE-BA
245
_a
Sistemi Tatimor ne Kosove dhe Tatimi mbi te Ardhurat Personale
_c
Janjeva, H
942
_2
udc
_c
BK
999
_c
46034
_d
46034